Capitales - Mort subite - Statistiques

Statistiques générales
  • Ce quiz a été pris 682 514 fois
  • Le résultat moyen est 11 sur 28
Answers on the Grid
Answers color-coded by a green-red scale on the quiz's grid according to % correct below.
Ankara
Athènes
Auckland
Bagdad
Bakou
Bangkok
Belmopan
Bogotá
Bombay
Dubaï
Dublin
Falloujah
Freetown
Hambourg
Helsinki
Jos
La Havane
Lagos
Le Cap
Leeds
Lima
Londres
Manille
Marrakech
Medellin
Memphis
Monrovia
Moscou
Nairobi
New York
Omsk
Oslo
Porto
Riyad
Rome
São Paolo
Séoul
Split
Surabaya
Suva
Sydney
Tbilissi
Tijuana
Tokyo
Toronto
Tunis
Turin
Varsovie
Vienne
Waikiki
 
Statistiques - réponses
Réponse % Correct
Athènes
84%
Ankara
72%
Dublin
61%
Bangkok
56%
Bagdad
48%
Londres
48%
Bogotá
47%
Helsinki
43%
Oslo
43%
Lima
42%
La Havane
40%
Moscou
40%
Rome
39%
Séoul
37%
Tokyo
37%
Tunis
37%
Bakou
34%
Vienne
33%
Varsovie
31%
Nairobi
28%
Manille
27%
Le Cap
25%
Riyad
24%
Tbilissi
23%
Freetown
21%
Belmopan
18%
Monrovia
12%
Suva
9%
Aucun quiz correspondant
Distribution des résultats
% des personnes avec chaque résultat
Percentile par nombre de réponses
Votre historique - résultats
Vous n’avez pas pris ce quiz